| 000 | 00805nam a22002657a 4500 | ||
|---|---|---|---|
| 003 | DO-SdBPM | ||
| 005 | 20250826100754.0 | ||
| 007 | ta | ||
| 008 | 180205b1997 xxu|||| 00| 0 spa d | ||
| 040 |
_aDO-SdBPM _bspa _cBPMSU _erda |
||
| 082 | 4 |
_a927.9334 _bM994F 1997 _222 |
|
| 100 | 1 |
_aFrieros, Toni _eautor |
|
| 245 | 1 | 0 |
_aRonaldo : _besta es su vida / _cToni Frieros |
| 264 |
_a[ sin lugar] : _bAgfa, _c1997 |
||
| 300 |
_a121 páginas ; _c32 cm |
||
| 336 |
_atexto _btxt _2rdacontent |
||
| 337 |
_asin mediación _bn _2rdamedia |
||
| 338 |
_avolumen _bnc _2rdacarrier |
||
| 590 | _aInventariado, 2025/VM | ||
| 600 | 1 | 4 |
_aMuñoz, Ronaldo, _d1933- _vBiobrafías |
| 650 | 7 | _aFutbolistas brasileños. | |
| 650 | 7 |
_aFútbol _zBrasil. |
|
| 910 | _aVMateo V. Control de calidad. BPMSU | ||
| 942 |
_2ddc _cBK |
||
| 999 |
_c13267 _d13267 |
||